000
00335nam a22001457a 4500
008
221013b ||||| |||| 00| 0 eng d
020
_a
9781604265156
041
_a
eng
080
_2
SEVENTH EDITION
_a
34
082
_a
34
100
_a
33.2
101
_a
JURI
245
_a
RIGHTS LIBERTIES AND JUSTICE
_c
EPSTEIN L
942
_2
udc
_c
BK
999
_c
58550
_d
58550